[Event "GBR-ch 103th"]
[Site "Bournemouth"]
[Date "2016.08.02"]
[Round "8.38"]
[White "Dalton, Joseph"]
[Black "De Coverly, Roger D"]
[Result "0-1"]
[WhiteElo "1928"]
[BlackElo "2082"]
[PlyCount "83"]
[EventDate "2016.07.25"]
[EventType "swiss"]
[EventRounds "11"]
[EventCountry "GBR"]

1. d4 Nf6 2. Nf3 d5 3. e3 c5 4. b3 Nc6 5. Bd3 Bg4 6. Bb2 cxd4 7. exd4 e6 8.
Nbd2 Bd6 9. O-O O-O 10. h3 Bh5 11. c4 Rc8 12. a3 dxc4 13. bxc4 Bf4 14. Nb3 Re8
15. Re1 Qc7 16. g4 Bg6 17. Bc1 Rcd8 18. Bxg6 hxg6 19. Qc2 a5 20. Be3 Bxe3 21.
fxe3 e5 22. Qh2 Qb6 23. Rab1 exd4 24. Nbxd4 Qc5 25. Rxb7 Nxd4 26. exd4 Rxe1+
27. Nxe1 Qxd4+ 28. Qf2 Qxc4 29. Re7 Qd4 30. Ra7 Qc3 31. g5 Nd7 32. Nc2 Qe5 33.
Qe3 Qd5 34. h4 Nb8 35. Qf2 Rd7 36. Rxd7 Nxd7 37. Qd4 Qb5 38. Qe3 a4 39. Nb4 Nf8
40. Qd3 Qe5 41. Kg2 Ne6 42. Na6 0-1

[Event "GBR-ch 103th"]
[Site "Bournemouth"]
[Date "2016.08.02"]
[Round "8.39"]
[White "Britton, Richard L"]
[Black "Davis, Lee"]
[Result "1-0"]
[WhiteElo "2188"]
[BlackElo "1946"]
[PlyCount "89"]
[EventDate "2016.07.25"]
[EventType "swiss"]
[EventRounds "11"]
[EventCountry "GBR"]

1. e4 e6 2. d3 d5 3. Nd2 Nf6 4. Ngf3 c5 5. g3 Nc6 6. Bg2 Be7 7. O-O O-O 8. Re1
b5 9. e5 Nd7 10. Nf1 a5 11. h4 b4 12. N1h2 Qe8 13. Bh3 a4 14. a3 Ba6 15. h5
bxa3 16. bxa3 Qd8 17. h6 g6 18. Ng4 Rb8 19. Bf4 Nd4 20. Nxd4 cxd4 21. Bd2 Bb5
22. Bb4 Bxb4 23. axb4 Qe7 24. Qd2 Rfc8 25. Reb1 Rb7 26. Rb2 Rbc7 27. Qf4 Rxc2
28. Rxc2 Rxc2 29. Qxd4 Rc7 30. Bg2 Qg5 31. Bxd5 exd5 32. e6 Ne5 33. Nxe5 fxe6
34. Kg2 Be8 35. b5 Bxb5 36. Rb1 Be8 37. Rb8 Qe7 38. Ng4 e5 39. Nxe5 Qe6 40. Ng4
Rf7 41. Qxa4 Kf8 42. Qd4 Kg8 43. Rb6 Qe7 44. Nf6+ Kf8 45. Nxe8 1-0

[Event "GBR-ch 103th"]
[Site "Bournemouth"]
[Date "2016.08.02"]
[Round "8.40"]
[White "Grieve, Harry"]
[Black "Modi, Shyam Jagdish"]
[Result "0-1"]
[WhiteElo "1994"]
[BlackElo "1655"]
[PlyCount "58"]
[EventDate "2016.07.25"]
[EventType "swiss"]
[EventRounds "11"]
[EventCountry "GBR"]

1. d4 Nf6 2. Bg5 Ne4 3. Bf4 c5 4. f3 Qa5+ 5. c3 Nf6 6. d5 Qb6 7. e4 e6 8. Qd2
d6 9. dxe6 Bxe6 10. Na3 d5 11. exd5 Nxd5 12. Bxb8 Rxb8 13. Bb5+ Ke7 14. Bc4 Rd8
15. Ne2 g6 16. O-O-O Bg7 17. Bxd5 Rxd5 18. Qf4 Rhd8 19. Rxd5 Rxd5 20. Nc4 Qa6
21. a3 Rd7 22. Ne5 Rd5 23. Nc4 Rd8 24. Qc7+ Ke8 25. Nf4 Qxc4 26. Re1 Bh6 27. g3
Bxf4+ 28. gxf4 Qd5 29. Kb1 Qd3+ 0-1

[Event "GBR-ch 103th"]
[Site "Bournemouth"]
[Date "2016.08.02"]
[Round "8.41"]
[White "Golding, Alex"]
[Black "Clark, Ian C"]
[Result "1-0"]
[WhiteElo "1961"]
[BlackElo "1963"]
[PlyCount "83"]
[EventDate "2016.07.25"]
[EventType "swiss"]
[EventRounds "11"]
[EventCountry "GBR"]

1. d4 d5 2. Nf3 Nf6 3. c4 e6 4. Nc3 c6 5. e3 Be7 6. Qc2 Nbd7 7. Bd2 a6 8. g4 h6
9. cxd5 exd5 10. Bd3 Nxg4 11. Rg1 Nf8 12. h3 Nf6 13. Rxg7 Ne6 14. Rg2 Ng5 15.
Ne5 Bxh3 16. Rg3 Be6 17. O-O-O Qd6 18. a3 Nge4 19. Nxe4 dxe4 20. Bxe4 Nxe4 21.
Qxe4 Qd5 22. Qxd5 Bxd5 23. f3 O-O-O 24. Rh1 Bb3 25. f4 Rdg8 26. Rgh3 Rg2 27. e4
Ba2 28. R1h2 Rg1+ 29. Kc2 Bb1+ 30. Kc3 Bxe4 31. Nxf7 Rhg8 32. Re3 R8g3 33. Rh3
Rxh3 34. Rxh3 Bf5 35. Re3 Bf6 36. Nd6+ Kd7 37. Nxf5 c5 38. Kc4 cxd4 39. Nxd4 h5
40. Nf3 b5+ 41. Kb3 h4 42. Nxg1 1-0

[Event "GBR-ch 103th"]
[Site "Bournemouth"]
[Date "2016.08.02"]
[Round "8.42"]
[White "Varney, Zoe"]
[Black "Keely, Leo A"]
[Result "0-1"]
[WhiteElo "1818"]
[BlackElo "1938"]
[PlyCount "92"]
[EventDate "2016.07.25"]
[EventType "swiss"]
[EventRounds "11"]
[EventCountry "GBR"]

1. e4 d5 2. exd5 Nf6 3. c4 c6 4. Nc3 cxd5 5. cxd5 Nxd5 6. Nf3 e6 7. d4 Be7 8.
Bc4 O-O 9. Bxd5 exd5 10. Qb3 Nc6 11. Nxd5 Be6 12. Nxe7+ Qxe7 13. Qe3 Nb4 14.
Qe4 Qd7 15. O-O Bf5 16. Qf4 Nc2 17. Nh4 Bg6 18. Be3 Nxa1 19. Rxa1 Rfe8 20. Nxg6
hxg6 21. h3 Rac8 22. Qf3 Rc2 23. b3 b6 24. Qd1 Qf5 25. g4 Qe4 26. Bg5 Qe2 27.
Qxe2 Rexe2 28. d5 Kf8 29. d6 Ke8 30. Rd1 Kd7 31. f3 f6 32. Bf4 g5 33. Bc1 Rxa2
34. f4 Rg2+ 35. Kh1 gxf4 36. Bxf4 g5 37. Bc1 Rh2+ 38. Kg1 Rxh3 39. b4 Rg3+ 40.
Kf1 Rxg4 41. Be3 Rg3 42. Bd4 Rf3+ 43. Ke1 g4 44. b5 g3 45. Bg1 g2 46. Rd4 Rf4
0-1

[Event "GBR-ch 103th"]
[Site "Bournemouth"]
[Date "2016.08.02"]
[Round "8.43"]
[White "Jina, Taran"]
[Black "Grigoryan, Meri"]
[Result "1/2-1/2"]
[WhiteElo "1764"]
[BlackElo "1996"]
[PlyCount "219"]
[EventDate "2016.07.25"]
[EventType "swiss"]
[EventRounds "11"]
[EventCountry "GBR"]

1. Nf3 d5 2. g3 c5 3. Bg2 Nc6 4. d4 Nf6 5. O-O Bf5 6. c4 e6 7. Nc3 Be7 8. cxd5
exd5 9. dxc5 O-O 10. Be3 Qd7 11. Rc1 Rfd8 12. Qb3 Ng4 13. Nb5 Na5 14. Qb4 Nxe3
15. fxe3 Nc4 16. Nfd4 Nxe3 17. Nxf5 Nxf5 18. Bh3 g6 19. Nd4 Bg5 20. Nxf5 Bxc1
21. Nh6+ Bxh6 22. Bxd7 Rxd7 23. Rf3 d4 24. Qc4 Be3+ 25. Kf1 a6 26. b4 Rc8 27.
Qd3 Rdc7 28. Kg2 a5 29. a3 axb4 30. axb4 Kh8 31. Qb3 f5 32. Qb2 Kg8 33. Qa2+
Kf8 34. Qa5 Rc6 35. Qa7 R6c7 36. Qb6 Re7 37. Qd6 Kf7 38. Rf1 Rce8 39. Qd5+ Kf8
40. Qc4 Re4 41. Qb5 R4e7 42. c6 bxc6 43. Qxc6 Kg7 44. Qc4 Kh6 45. Rb1 Rb7 46.
b5 Reb8 47. Qc5 Rb6 48. Kf1 R6b7 49. Ke1 Rb6 50. Kd1 R6b7 51. Qc4 Rb6 52. Kc2
R6b7 53. Kd3 Rb6 54. Qc5 R6b7 55. Kc4 Rb6 56. Rb4 Bd2 57. Rb3 Be3 58. Rb1 R6b7
59. b6 Bg5 60. Qxd4 Bd8 61. Qf4+ Kg7 62. Rd1 Rc8+ 63. Kd5 Rd7+ 64. Ke6 Re7+ 65.
Kd6 Rb7 66. Rb1 Be7+ 67. Ke6 Rc6+ 68. Kd5 Rc5+ 69. Kd4 g5 70. Qf1 Rd7+ 71. Ke3
Rc3+ 72. Kf2 Rb7 73. Qg2 Rxb6 74. Rxb6 Bc5+ 75. Ke1 Bxb6 76. Qb7+ Bc7 77. Kd2
Rc5 78. Qa7 Rd5+ 79. Kc2 Rd7 80. Qc5 Rf7 81. Qd5 h6 82. Kd3 Rf6 83. Qd7+ Rf7
84. Qd4+ Kg6 85. Kc4 Re7 86. Qd3 Be5 87. g4 Rc7+ 88. Kb5 Rb7+ 89. Kc6 Rc7+ 90.
Kb6 Rf7 91. h3 Rf6+ 92. Kc5 Bf4 93. Qd8 Bd6+ 94. Kd5 Bf8 95. gxf5+ Rxf5+ 96.
Ke6 Rf4 97. Qd3+ Kh5 98. e4 Bg7 99. e5 Kh4 100. Qe3 h5 101. Ke7 Bxe5 102. Qxe5
Rf3 103. Qe4+ g4 104. hxg4 hxg4 105. Ke6 Kh3 106. Qe2 Rf8 107. Qe3+ Rf3 108.
Qe2 Rf8 109. Qd2 Rf3 110. Qe2 1/2-1/2

[Event "GBR-ch 103th"]
[Site "Bournemouth"]
[Date "2016.08.03"]
[Round "9.1"]
[White "Jones, Gawain CB"]
[Black "Adams, Michael"]
[Result "0-1"]
[WhiteElo "2650"]
[BlackElo "2727"]
[PlyCount "80"]
[EventDate "2016.07.25"]
[EventType "swiss"]
[EventRounds "11"]
[EventCountry "GBR"]

1. c4 e6 2. g3 d5 3. Bg2 Nf6 4. Nf3 Be7 5. O-O O-O 6. b3 c5 7. e3 Nc6 8. Bb2 d4
9. exd4 cxd4 10. Re1 Re8 11. d3 Bc5 12. Ne5 Nxe5 13. Rxe5 Bd6 14. Re1 e5 15.
Qc2 Qc7 16. Nd2 Bf5 17. Re2 Re7 18. Rae1 Rae8 19. a3 a5 20. Qb1 Bc5 21. h3 h6
22. Nf3 Bh7 23. Qd1 Qd6 24. Bc1 e4 25. dxe4 Nxe4 26. Bf4 Qd8 27. Nd2 Nc3 28.
Rxe7 Rxe7 29. Rxe7 Nxd1 30. Rxb7 Bd6 31. Bxd6 Qxd6 32. c5 Qe5 33. c6 Qe1+ 34.
Kh2 Bf5 35. Ne4 Bxe4 36. Rb8+ Kh7 37. Bxe4+ Qxe4 38. c7 Nxf2 39. Kg1 Nxh3+ 40.
Kh2 Qc2+ 0-1

[Event "GBR-ch 103th"]
[Site "Bournemouth"]
[Date "2016.08.03"]
[Round "9.2"]
[White "Howell, David WL"]
[Black "Eggleston, David J"]
[Result "1-0"]
[WhiteElo "2663"]
[BlackElo "2376"]
[PlyCount "113"]
[EventDate "2016.07.25"]
[EventType "swiss"]
[EventRounds "11"]
[EventCountry "GBR"]

1. c4 Nf6 2. Nc3 e6 3. e4 d5 4. cxd5 exd5 5. e5 Ne4 6. Nf3 Nc6 7. Bb5 Be7 8.
Qa4 Bd7 9. Nxe4 a6 10. Bxc6 Bxc6 11. Nf6+ gxf6 12. Qf4 Qd7 13. exf6 Qe6+ 14.
Qe5 Qxe5+ 15. Nxe5 Bxf6 16. Nxc6 bxc6 17. Rb1 Kd7 18. b3 Rhe8+ 19. Kd1 a5 20.
Bb2 Bxb2 21. Rxb2 c5 22. Re1 Rxe1+ 23. Kxe1 Kd6 24. Rc2 a4 25. Rc3 axb3 26.
axb3 f5 27. Rh3 Re8+ 28. Kd1 Re7 29. f4 Rf7 30. Rh6+ Kd7 31. Ke2 c6 32. Kf3 Kc7
33. h3 Kb6 34. g4 fxg4+ 35. hxg4 c4 36. bxc4 dxc4 37. Rd6 Kc5 38. Rd8 Ra7 39.
f5 Ra1 40. Kf2 Ra7 41. Ke3 Ra1 42. f6 Re1+ 43. Kf4 Rd1 44. Kg5 c3 45. f7 Rf1
46. f8=Q+ Rxf8 47. Rxf8 c2 48. Rf1 Kd4 49. Kh6 Kd3 50. Kxh7 Kxd2 51. g5 c1=Q
52. Rxc1 Kxc1 53. g6 c5 54. g7 c4 55. g8=Q c3 56. Qg1+ Kb2 57. Qd4 1-0

[Event "GBR-ch 103th"]
[Site "Bournemouth"]
[Date "2016.08.03"]
[Round "9.3"]
[White "Tan, Justin"]
[Black "Gormally, Daniel W"]
[Result "1/2-1/2"]
[WhiteElo "2438"]
[BlackElo "2494"]
[PlyCount "81"]
[EventDate "2016.07.25"]
[EventType "swiss"]
[EventRounds "11"]
[EventCountry "GBR"]

1. e4 c5 2. Nf3 d6 3. Bb5+ Nd7 4. O-O Ngf6 5. Re1 a6 6. Bd3 e5 7. c3 Be7 8. Bc2
O-O 9. d4 Qc7 10. Nbd2 b5 11. Nf1 Nb6 12. Ne3 Re8 13. b3 Bf8 14. d5 c4 15. Bd2
g6 16. h3 Bg7 17. Kh2 a5 18. g4 Bd7 19. bxc4 Nxc4 20. Nxc4 Qxc4 21. Qe2 Qxe2
22. Rxe2 Rec8 23. Bd3 Rc5 24. Ne1 Rac8 25. Rb1 Bf8 26. f3 Be7 27. Rb2 Ne8 28.
Nc2 Nc7 29. Na3 h6 30. Nb1 Bg5 31. Be1 Bc1 32. Rbc2 Bf4+ 33. Kg2 Na6 34. Rb2
Bc1 35. Rbc2 Bf4 36. a4 Rb8 37. Bf2 Rc7 38. Rb2 Bc1 39. Rbc2 Bf4 40. Rb2 Bc1
41. Rbc2 1/2-1/2

[Event "GBR-ch 103th"]
[Site "Bournemouth"]
[Date "2016.08.03"]
[Round "9.4"]
[White "Pert, Nicholas"]
[Black "Osborne, Marcus E"]
[Result "1-0"]
[WhiteElo "2570"]
[BlackElo "2244"]
[PlyCount "69"]
[EventDate "2016.07.25"]
[EventType "swiss"]
[EventRounds "11"]
[EventCountry "GBR"]

1. d4 Nf6 2. Nf3 b6 3. Bf4 Bb7 4. e3 e6 5. Nbd2 Be7 6. h3 O-O 7. Bd3 d6 8. O-O
Nbd7 9. Bh2 Re8 10. e4 Nf8 11. e5 dxe5 12. dxe5 N6d7 13. Ne4 Nc5 14. Nxc5 Bxc5
15. Qe2 Ng6 16. Bb5 c6 17. Rad1 cxb5 18. Rxd8 Rexd8 19. Qxb5 Bxf3 20. gxf3 Nh4
21. Qe2 Rd5 22. Rd1 Rad8 23. Rxd5 exd5 24. Kf1 Kf8 25. Bf4 h6 26. Qd3 Ng6 27.
Bg3 Ne7 28. f4 g6 29. Bh4 Rd7 30. Bxe7+ Kxe7 31. f5 g5 32. h4 gxh4 33. Qh3 Ke8
34. Qxh4 Re7 35. b4 1-0

[Event "GBR-ch 103th"]
[Site "Bournemouth"]
[Date "2016.08.03"]
[Round "9.5"]
[White "Bridge, Neil A"]
[Black "Hebden, Mark L"]
[Result "0-1"]
[WhiteElo "2044"]
[BlackElo "2509"]
[PlyCount "62"]
[EventDate "2016.07.25"]
[EventType "swiss"]
[EventRounds "11"]
[EventCountry "GBR"]

1. d4 Nf6 2. c4 g6 3. Nc3 Bg7 4. e4 d6 5. h3 O-O 6. Bg5 Nbd7 7. Nf3 e5 8. d5 a5
9. Nd2 Nc5 10. Be2 Bd7 11. g4 c6 12. Qc2 a4 13. O-O-O Qa5 14. Kb1 cxd5 15. Bxf6
Bxf6 16. Nxd5 Bg7 17. g5 Ne6 18. Bg4 a3 19. b3 Nd4 20. Qd3 Be6 21. Nf6+ Bxf6
22. gxf6 b5 23. Qe3 Qd8 24. Nf3 Nxf3 25. Bxf3 bxc4 26. Rxd6 Qxf6 27. bxc4 Rfb8+
28. Ka1 Rb2 29. Be2 Qe7 30. Rhd1 Qb7 31. Qh6 Rxa2+ 0-1

[Event "GBR-ch 103th"]
[Site "Bournemouth"]
[Date "2016.08.03"]
[Round "9.6"]
[White "Ward, Chris G"]
[Black "Emms, John M"]
[Result "1/2-1/2"]
[WhiteElo "2437"]
[BlackElo "2467"]
[PlyCount "100"]
[EventDate "2016.07.25"]
[EventType "swiss"]
[EventRounds "11"]
[EventCountry "GBR"]

1. d4 Nf6 2. c4 e6 3. Nc3 Bb4 4. g3 O-O 5. Bg2 d5 6. a3 Be7 7. cxd5 exd5 8. Nh3
c6 9. Nf4 Na6 10. O-O Nc7 11. Kh1 Re8 12. f3 c5 13. Be3 b6 14. Qd2 Ba6 15. b3
Bf8 16. Bf2 h6 17. Rfe1 Rb8 18. Qb2 g5 19. Nd3 Ne6 20. Rad1 Nxd4 21. Bxd4 cxd4
22. Na2 Qe7 23. Nab4 Bb7 24. Nc2 Rbc8 25. Nxd4 Qxa3 26. Qxa3 Bxa3 27. Ra1 Bc5
28. Nf5 a5 29. Nxh6+ Kf8 30. Nf5 Ba6 31. Nxc5 Rxc5 32. b4 Rc2 33. e3 Bc8 34.
Nd4 Rc3 35. bxa5 bxa5 36. Rxa5 Rcxe3 37. Rxe3 Rxe3 38. Bf1 Re1 39. Kg2 Rd1 40.
Ra8 Rxd4 41. Rxc8+ Ke7 42. Be2 Rd2 43. Kf2 Ra2 44. Ke1 Kd6 45. Rf8 Ke7 46. Rb8
Ke6 47. Rb6+ Ke5 48. Rb7 Ke6 49. Rb6+ Ke5 50. Rb7 Ke6 1/2-1/2

[Event "GBR-ch 103th"]
[Site "Bournemouth"]
[Date "2016.08.03"]
[Round "9.7"]
[White "Palliser, Richard JD"]
[Black "Arkell, Keith C"]
[Result "1/2-1/2"]
[WhiteElo "2422"]
[BlackElo "2455"]
[PlyCount "50"]
[EventDate "2016.07.25"]
[EventType "swiss"]
[EventRounds "11"]
[EventCountry "GBR"]

1. e4 d5 2. exd5 Qxd5 3. Nc3 Qd6 4. d4 Nf6 5. Nf3 c6 6. h3 g6 7. Bd3 Bg7 8. O-O
O-O 9. Re1 Nbd7 10. Bg5 Nb6 11. Qd2 Be6 12. Ne4 Nxe4 13. Rxe4 Rfe8 14. Rae1 Bd5
15. Rxe7 Rxe7 16. Bxe7 Qd7 17. Nh2 Be6 18. Bc5 Bxd4 19. Qb4 Bxc5 20. Qxc5 Qd5
21. Qe7 Qd7 22. Qf6 Nd5 23. Qd4 Nb6 24. Qf6 Nd5 25. Qd4 Nb6 1/2-1/2

[Event "GBR-ch 103th"]
[Site "Bournemouth"]
[Date "2016.08.03"]
[Round "9.8"]
[White "Fodor, Tamas Jr"]
[Black "Houska, Jovanka"]
[Result "1/2-1/2"]
[WhiteElo "2505"]
[BlackElo "2386"]
[PlyCount "91"]
[EventDate "2016.07.25"]
[EventType "swiss"]
[EventRounds "11"]
[EventCountry "GBR"]

1. c4 e6 2. Nf3 d5 3. g3 Nf6 4. Bg2 dxc4 5. Qa4+ Bd7 6. Qxc4 c5 7. Ne5 Qc8 8.
Nxd7 Qxd7 9. O-O Nc6 10. Nc3 Rc8 11. Qa4 Be7 12. d3 O-O 13. Bd2 Rfd8 14. Rfd1
h6 15. Rac1 b6 16. Be1 Bf8 17. h3 Kh8 18. Kh2 g6 19. Ne4 Nxe4 20. Bxe4 Ne7 21.
Qa6 Bg7 22. b4 cxb4 23. Bxb4 Nd5 24. Bd2 Nc3 25. Bxc3 Bxc3 26. d4 Bb4 27. e3
Rc7 28. Rc4 Bd6 29. Rdc1 Rdc8 30. Bb7 Rb8 31. Rxc7 Bxc7 32. Kg2 Bd6 33. Bc6 Qe7
34. e4 Rd8 35. e5 Bb4 36. Rc4 Kg7 37. Be4 Ba5 38. Qb5 Rd7 39. d5 exd5 40. Bxd5
Rc7 41. Re4 Qc5 42. Qb3 Qc3 43. Qb5 Qc5 44. Qb3 Qc3 45. Qa4 Qc5 46. Qb3 1/2-1/2

[Event "GBR-ch 103th"]
[Site "Bournemouth"]
[Date "2016.08.03"]
[Round "9.9"]
[White "Pert, Richard G"]
[Black "Kolbus, Dietmar"]
[Result "1/2-1/2"]
[WhiteElo "2441"]
[BlackElo "2315"]
[PlyCount "33"]
[EventDate "2016.07.25"]
[EventType "swiss"]
[EventRounds "11"]
[EventCountry "GBR"]

1. d4 Nf6 2. c4 e6 3. Nf3 d5 4. Nc3 Be7 5. Bf4 O-O 6. e3 b6 7. cxd5 Nxd5 8. Bg3
c5 9. Bd3 cxd4 10. exd4 Ba6 11. Bxa6 Nxa6 12. O-O Nac7 13. Qb3 Bd6 14. Rac1
Nxc3 15. Rxc3 Nd5 16. Rc6 Bf4 17. Bxf4 1/2-1/2

[Event "GBR-ch 103th"]
[Site "Bournemouth"]
[Date "2016.08.03"]
[Round "9.10"]
[White "Wells, Peter K"]
[Black "Brown, Martin"]
[Result "0-1"]
[WhiteElo "2419"]
[BlackElo "2252"]
[PlyCount "88"]
[EventDate "2016.07.25"]
[EventType "swiss"]
[EventRounds "11"]
[EventCountry "GBR"]

1. d4 Nf6 2. c4 g6 3. Nc3 d5 4. cxd5 Nxd5 5. e4 Nxc3 6. bxc3 Bg7 7. Nf3 c5 8.
Rb1 O-O 9. Be2 cxd4 10. cxd4 Qa5+ 11. Bd2 Qxa2 12. O-O Bg4 13. Bg5 h6 14. Be3
Nc6 15. d5 Na5 16. Re1 Bc3 17. Bxh6 Rfc8 18. Bd2 Bxd2 19. Nxd2 Bxe2 20. Rxe2
Qa3 21. Ra1 Qb4 22. h4 Rc3 23. h5 Rac8 24. hxg6 fxg6 25. Re1 Rc2 26. Nf3 Nb3
27. Rb1 Qc5 28. Re3 Qxe3 29. fxe3 Rc1 30. Kh2 Rxd1 31. Rxd1 a5 32. e5 a4 33.
Rd3 b5 34. d6 exd6 35. exd6 b4 36. d7 Rd8 37. Ne5 Nc5 38. Rd5 Nxd7 39. Nc6 b3
40. Nxd8 b2 41. Rxd7 b1=Q 42. Ne6 a3 43. Rg7+ Kh8 44. Rf7 Qb8+ 0-1

[Event "GBR-ch 103th"]
[Site "Bournemouth"]
[Date "2016.08.03"]
[Round "9.11"]
[White "Willmoth, Robert F"]
[Black "Batchelor, Peter J"]
[Result "0-1"]
[WhiteElo "2189"]
[BlackElo "2341"]
[PlyCount "76"]
[EventDate "2016.07.25"]
[EventType "swiss"]
[EventRounds "11"]
[EventCountry "GBR"]

1. d4 Nf6 2. Nf3 d5 3. g3 g6 4. Bg2 Bg7 5. O-O O-O 6. c4 dxc4 7. Na3 c3 8. bxc3
c5 9. Ne5 Nc6 10. Nxc6 bxc6 11. Bxc6 Bh3 12. Re1 Rc8 13. Bh1 Qa5 14. Qd2 Rfd8
15. Rb1 cxd4 16. cxd4 Qxd2 17. Bxd2 Rxd4 18. Bb7 Rf8 19. Be3 Ra4 20. Bc5 Ne4
21. Bxe4 Rxe4 22. e3 Ra4 23. Rb7 a5 24. Bxe7 Re8 25. Nb5 Rxa2 26. Nd6 Ra8 27.
Reb1 h6 28. Ne4 Bf5 29. Rb8+ Kh7 30. Nf6+ Bxf6 31. Bxf6 Rxb8 32. Rxb8 g5 33.
Rb2 Ra1+ 34. Kg2 g4 35. f3 h5 36. e4 gxf3+ 37. Kxf3 Be6 38. Rb8 Rf1+ 0-1

[Event "GBR-ch 103th"]
[Site "Bournemouth"]
[Date "2016.08.03"]
[Round "9.12"]
[White "Storey, Charles H"]
[Black "Oyama, Akito"]
[Result "1-0"]
[WhiteElo "2256"]
[BlackElo "2183"]
[PlyCount "93"]
[EventDate "2016.07.25"]
[EventType "swiss"]
[EventRounds "11"]
[EventCountry "GBR"]

1. d4 e6 2. Bf4 f5 3. e3 Nf6 4. Nd2 b6 5. h3 Bb7 6. Ngf3 Be7 7. g4 O-O 8. gxf5
exf5 9. Rg1 Ne4 10. Nxe4 fxe4 11. Ng5 Bxg5 12. Bxg5 Qe8 13. Qg4 Rf7 14. Bf4 d5
15. h4 Nc6 16. h5 Nb4 17. Qd1 c5 18. a3 Nc6 19. dxc5 Qe6 20. cxb6 axb6 21. Qg4
Qxg4 22. Rxg4 Ba6 23. Bxa6 Rxa6 24. O-O-O Rd7 25. Bg3 Raa7 26. c3 Kf7 27. Kb1
Ke6 28. c4 dxc4 29. Rxe4+ Kf5 30. Rf4+ Kg5 31. Rg1 b5 32. Bh2+ Kh6 33. Rf5 g6
34. Rxb5 Rd2 35. Bf4+ Kg7 36. Rc1 Na5 37. Be5+ Kf7 38. hxg6+ Kxg6 39. Bc3 Rxf2
40. Rg1+ Kh6 41. Bxa5 Rd7 42. Rb8 Kh5 43. Rbg8 Rh2 44. R8g7 Rxg7 45. Rxg7 h6
46. Bc7 Re2 47. Bf4 1-0

[Event "GBR-ch 103th"]
[Site "Bournemouth"]
[Date "2016.08.03"]
[Round "9.13"]
[White "Claridge-Hansen, William"]
[Black "Bicknell, Carl"]
[Result "1/2-1/2"]
[WhiteElo "2299"]
[BlackElo "2121"]
[PlyCount "59"]
[EventDate "2016.07.25"]
[EventType "swiss"]
[EventRounds "11"]
[EventCountry "GBR"]

1. c4 c5 2. g3 g6 3. Bg2 Bg7 4. Nc3 Nc6 5. Nf3 d6 6. a3 Rb8 7. d3 e5 8. Rb1 a5
9. O-O Nge7 10. Ne1 Be6 11. Bg5 f6 12. Be3 O-O 13. Nc2 f5 14. Bg5 h6 15. Bxe7
Nxe7 16. b4 cxb4 17. axb4 d5 18. Nxd5 Nxd5 19. cxd5 Bxd5 20. Bxd5+ Qxd5 21. Ne3
Qb5 22. bxa5 Qxa5 23. Qb3+ Kh7 24. Qb5 Qd8 25. Qb6 f4 26. Qxd8 Rfxd8 27. Nc4 f3
28. Rb3 fxe2 29. Re1 e4 30. Rxe2 1/2-1/2

[Event "GBR-ch 103th"]
[Site "Bournemouth"]
[Date "2016.08.03"]
[Round "9.14"]
[White "Duncan, Chris R"]
[Black "Moreby, James E"]
[Result "1/2-1/2"]
[WhiteElo "2292"]
[BlackElo "2040"]
[PlyCount "36"]
[EventDate "2016.07.25"]
[EventType "swiss"]
[EventRounds "11"]
[EventCountry "GBR"]

1. Nf3 c5 2. c4 Nc6 3. Nc3 g6 4. g3 Bg7 5. Bg2 e6 6. O-O Nge7 7. d3 d6 8. Rb1
a6 9. Bd2 Rb8 10. Qc1 b5 11. Bh6 O-O 12. b3 e5 13. Rd1 Bf5 14. Bxg7 Kxg7 15.
Nd2 Nd4 16. Re1 Be6 17. Nde4 h6 18. e3 Ndc6 1/2-1/2

[Event "GBR-ch 103th"]
[Site "Bournemouth"]
[Date "2016.08.03"]
[Round "9.15"]
[White "Asenov, Pavel"]
[Black "Payne, Matthew J"]
[Result "0-1"]
[WhiteElo "2250"]
[BlackElo "2040"]
[PlyCount "62"]
[EventDate "2016.07.25"]
[EventType "swiss"]
[EventRounds "11"]
[EventCountry "GBR"]

1. d4 Nf6 2. c4 g6 3. Nc3 Bg7 4. e4 d6 5. Be2 O-O 6. Nf3 e5 7. O-O Na6 8. Be3
Ng4 9. Bg5 Qe8 10. dxe5 dxe5 11. Qc1 h6 12. Bd2 Kh7 13. h3 Nf6 14. a3 Nc5 15.
Qc2 Ne6 16. Be3 Nh5 17. Rfd1 f5 18. exf5 gxf5 19. Nh4 Nef4 20. Bf1 Ng6 21. Nxg6
Qxg6 22. Nb5 e4 23. Nxc7 f4 24. Bd4 Bxh3 25. Kh2 Bxg2 26. Bxg2 f3 27. Bh3 Rf4
28. Bxg7 Rh4 29. Rg1 Rxh3+ 30. Kxh3 Nf4+ 31. Kh2 Qh5+ 0-1

[Event "GBR-ch 103th"]
[Site "Bournemouth"]
[Date "2016.08.03"]
[Round "9.16"]
[White "Waddington, Mike P"]
[Black "Zhang, Anthony Y"]
[Result "0-1"]
[WhiteElo "2018"]
[BlackElo "2149"]
[PlyCount "68"]
[EventDate "2016.07.25"]
[EventType "swiss"]
[EventRounds "11"]
[EventCountry "GBR"]

1. d4 Nf6 2. Nf3 d5 3. Bf4 c5 4. e3 Nc6 5. c3 Qb6 6. Qb3 c4 7. Qxb6 axb6 8.
Nbd2 b5 9. Ne5 b4 10. Nxc6 bxc6 11. e4 e6 12. e5 Nd7 13. Nb1 c5 14. Be2 f6 15.
Bg4 Kf7 16. O-O cxd4 17. cxd4 h5 18. Bd1 fxe5 19. dxe5 Bc5 20. Re1 Bd4 21. Re2
Ba6 22. Rd2 Bxe5 23. Bxe5 Nxe5 24. Rd4 Nc6 25. Rh4 g6 26. Nd2 e5 27. Nf3 Kf6
28. Nd2 Nd4 29. Rh3 Bc8 30. Re3 e4 31. f3 Nf5 32. Nxe4+ dxe4 33. Rxe4 Be6 34.
Be2 Bd5 0-1

[Event "GBR-ch 103th"]
[Site "Bournemouth"]
[Date "2016.08.03"]
[Round "9.17"]
[White "Harvey, Marcus R"]
[Black "Mason, Donald J"]
[Result "1/2-1/2"]
[WhiteElo "2324"]
[BlackElo "2143"]
[PlyCount "96"]
[EventDate "2016.07.25"]
[EventType "swiss"]
[EventRounds "11"]
[EventCountry "GBR"]

1. g3 g6 2. Bg2 Bg7 3. Nf3 e5 4. O-O Nc6 5. c4 f5 6. d3 Nf6 7. Nc3 O-O 8. Rb1
a5 9. a3 h6 10. b4 axb4 11. axb4 d6 12. b5 Ne7 13. Qb3 Be6 14. Ba3 b6 15. Ne1
Rc8 16. Nc2 Nd7 17. Nb4 Nc5 18. Qd1 f4 19. Nbd5 h5 20. Bxc5 dxc5 21. e3 Bg4 22.
Bf3 Nxd5 23. Nxd5 Bh3 24. Re1 fxg3 25. fxg3 Qg5 26. Bg2 Bg4 27. h4 Qd8 28. Qd2
Qd6 29. Be4 Be6 30. Rf1 Bxd5 31. Bxd5+ Kh7 32. Qg2 Rxf1+ 33. Rxf1 Rf8 34. Rxf8
Bxf8 35. Kf2 Qf6+ 36. Ke2 e4 37. Qxe4 Qb2+ 38. Kf3 Qf6+ 39. Kg2 Qb2+ 40. Kh3
Qf6 41. Kg2 Qb2+ 42. Kf3 Qf6+ 43. Qf4 Kg7 44. d4 Bd6 45. Qxf6+ Kxf6 46. Bc6
cxd4 47. exd4 Bb4 48. Be8 Bd6 1/2-1/2

[Event "GBR-ch 103th"]
[Site "Bournemouth"]
[Date "2016.08.03"]
[Round "9.18"]
[White "Hill, Alistair"]
[Black "Kalavannan, Koby"]
[Result "1/2-1/2"]
[WhiteElo "2257"]
[BlackElo "2131"]
[PlyCount "42"]
[EventDate "2016.07.25"]
[EventType "swiss"]
[EventRounds "11"]
[EventCountry "GBR"]

1. e4 c5 2. Nf3 Nc6 3. d4 cxd4 4. Nxd4 g6 5. c4 Nf6 6. Nc3 Nxd4 7. Qxd4 Bg7 8.
Be3 d6 9. Be2 O-O 10. Qd2 a5 11. O-O a4 12. Rac1 Qa5 13. f3 Be6 14. Nd5 Qxd2
15. Bxd2 Nxd5 16. cxd5 Bd7 17. Rc7 Bd4+ 18. Kh1 Rfd8 19. Bc3 Bxc3 20. Rxc3 b5
21. Kg1 Ra7 1/2-1/2

[Event "GBR-ch 103th"]
[Site "Bournemouth"]
[Date "2016.08.03"]
[Round "9.19"]
[White "Fallowfield, Jeremy R"]
[Black "Lyell, Mark"]
[Result "1-0"]
[WhiteElo "2109"]
[BlackElo "2238"]
[PlyCount "83"]
[EventDate "2016.07.25"]
[EventType "swiss"]
[EventRounds "11"]
[EventCountry "GBR"]

1. e4 c6 2. d4 d5 3. e5 c5 4. dxc5 Nc6 5. Nf3 e6 6. a3 a5 7. Bd3 Bxc5 8. O-O f6
9. Bf4 fxe5 10. Nxe5 Qf6 11. Nxc6 Qxf4 12. Qh5+ Qf7 13. Qxf7+ Kxf7 14. Ne5+ Ke7
15. c3 Nf6 16. Nd2 Nd7 17. Ndf3 Nxe5 18. Nxe5 Bd7 19. Rae1 Raf8 20. Re2 Rf6 21.
g3 Kd6 22. Ng4 Rff8 23. Ne5 Rf6 24. Ng4 Rf7 25. Ne5 Re7 26. b4 Bb6 27. c4 Bd4
28. c5+ Kc7 29. Rc1 axb4 30. axb4 Ra8 31. b5 g6 32. b6+ Kd8 33. Nxd7 Kxd7 34.
Bb5+ Kd8 35. c6 bxc6 36. Bxc6 Rc8 37. b7 Rxb7 38. Rxe6 Re7 39. Rd6+ Kc7 40.
Rxd5 Bb2 41. Rc2 Kb6 42. Rb5+ 1-0